Does God say Kill? : an investigation of the justice of current fighting in Africa (Record no. 40406)

MARC details
000 -LEADER
fixed length control field 00716nam a2200181 a 4500
008 - FIXED-LENGTH DATA ELEMENTS--GENERAL INFORMATION
fixed length control field 120416s1972 ||||||||||||||||| || u
020 ## - INTERNATIONAL STANDARD BOOK NUMBER
International Standard Book Number 085468204x
050 ## - LIBRARY OF CONGRESS CALL NUMBER
Classification number DT 353 Epp
100 ## - MAIN ENTRY--PERSONAL NAME
Personal name Eppstein, John
245 10 - TITLE STATEMENT
Title Does God say Kill? : an investigation of the justice of current fighting in Africa
260 ## - PUBLICATION, DISTRIBUTION, ETC.
Place of publication, distribution, etc. London:
Name of publisher, distributor, etc. Tom Stacey
Date of publication, distribution, etc. 1972
300 ## - PHYSICAL DESCRIPTION
Extent [vi], 138p. : ill
350 ## - PRICE (NR) (BK AM CF MU VM SE) [OBSOLETE]
Price 0.00
650 ## - SUBJECT ADDED ENTRY--TOPICAL TERM
Topical term or geographic name entry element WAR--RELIGIOUS ASPECTS--CHRISTIANITY
650 ## - SUBJECT ADDED ENTRY--TOPICAL TERM
Topical term or geographic name entry element NATIONALISM--AFRICA, SUB-SAHARAN
650 ## - SUBJECT ADDED ENTRY--TOPICAL TERM
Topical term or geographic name entry element INTERNATIONAL RELATIONS--MORAL AND ETHICAL ASPECTS
995 ## - RECOMMENDATION 995 [LOCAL, UNIMARC FRANCE]
-- 0.00
-- CBU-MAIN LIBRARY (Kitwe)
-- 1
-- 1.95
-- AVAILABLE
-- Main Library Open Access Collection
Holdings
Withdrawn status Lost status Source of classification or shelving scheme Damaged status Not for loan Home library Current library Shelving location Date acquired Total Checkouts Full call number Barcode Date last seen Price effective from Koha item type
          CBU-MAIN LIBRARY, KITWE. CBU-MAIN LIBRARY, KITWE.   11/30/2022   DT 353 Epp 000762 11/30/2022 11/30/2022 MONOGRAPH